Meridianos do texto (Registo nº 201636)
[ vista simples ]
| 000 -Etiqueta do registo | |
|---|---|
| Valores | 00566nam 22001813 4500 |
| 100 ## - Dados gerais de processamento | |
| Dados gerais | 20260407d u||y0pory50 ba |
| 200 ## - Titulo e menção de responsabilidade | |
| Título próprio | Meridianos do texto |
| Primeira menção de responsabilidade | Maria Lúcia Lepecki |
| 210 ## - Publicação | |
| Local de publicação | Lisboa |
| Nome do editor | Assírio e Alvim |
| Data de publicação | [1979] |
| 215 ## - Descrição física | |
| Paginação / Volumes | 213 p. |
| Outras indicações físicas | brochado |
| Dimensões | 23 cm |
| 225 ## - Colecção | |
| Título próprio da colecção | Cadernos Peninsulares |
| Número de parte ou secção | 23 |
| 606 ## - Nome comum usado como assunto | |
| ID Autoridade | 11269 |
| Palavra de ordem | Questões gerais em linguística e literatura. Filologia |
| 675 ## - CDU | |
| Notação | 82.09 |
| Edição | PT |
| Língua | por |
| 700 ## - Autor principal (pessoa individual) | |
| ID Autoridade | 11643 |
| Apelido | Lepecki |
| Nome | Maria Lúcia |
| Datas | 1940-2011 |
| 801 ## - Fonte de origem | |
| País | PT |
| Agência | BMMN |
| Regras de catalogação | RPC |
| 830 ## - Notas gerais do catalogador | |
| Criado por | Fernando |
| Indexado por | Fernando |
| 990 ## - Elementos KOHA | |
| Tipo de documento | Livro |
| Situação do levantamento | Biblioteca de origem | Código de barras | Cota | Permissão de empréstimo | Tipo de documento | Forma de aquisição |
|---|---|---|---|---|---|---|
| Biblioteca Municipal de Montemor-o-Novo | 30997 | 82.09 LEP|DEP | Livro | Oferta |